header

Alexis de Tocqueville (Record no. 133601)

MARC details
000 -LEADER
fixed length control field 01405nam a2200361Ia 4500
082 04 - DEWEY DECIMAL CLASSIFICATION NUMBER
Classification number 306.2092
100 1# - MAIN ENTRY--AUTHOR NAME
Personal name Brogan, Hugh.
245 10 - TITLE STATEMENT
Title Alexis de Tocqueville
250 ## - EDITION STATEMENT
Edition statement Pbk ed.
260 ## - PUBLICATION, DISTRIBUTION, ETC. (IMPRINT)
Place of publication London :
Name of publisher Profile,
Year of publication 2009.
300 ## - PHYSICAL DESCRIPTION
Number of Pages x, 724 p. :
Other physical details ill., maps, ports.
500 ## - GENERAL NOTE
General note First published: 2006.
650 #0 - SUBJECT ADDED ENTRY--TOPICAL TERM
Topical Term Political scientists
Topical Term Politicians
Topical Term Historians
856 40 - ELECTRONIC LOCATION AND ACCESS
Uniform Resource Identifier http://site.ebrary.com/lib/rucke/Doc?id=10437746

No items available.

© 2026 Rongo University
Contact us: librarian | system librarian | Rongo university